[Event "Varginha Mineiro-ch"]
[Site "Varginha"]
[Date "2019.11.15"]
[Round "2"]
[White "Silva, Luiz Thiago"]
[Black "Molina, Roberto Junio Brito"]
[Result "0-1"]
[WhiteElo "1915"]
[BlackElo "2451"]
[PlyCount "62"]
[EventDate "2019.11.14"]
[EventType "swiss"]
[EventRounds "7"]
[EventCountry "BRA"]
[SourceTitle "CBM 193 Extra"]
[Source "ChessBase"]
[SourceDate "2020.01.31"]
[SourceVersion "1"]
[SourceVersionDate "2020.01.31"]
[SourceQuality "1"]

1. d4 d5 2. c4 e5 3. dxe5 d4 4. Nf3 Nc6 5. Bf4 Be6 6. Nbd2 Nge7 7. h3 Ng6 8. Bh2 Qd7 9. g4 h5 10. g5 0-0-0 11. Qa4 Bxh3 12. Bxh3 Qxh3 13. 0-0-0 d3 14. e3 a6 15. Qb3 Qe6 16. Qc3 Bb4 17. Qb3 Bxd2+ 18. Rxd2 Na5 19. Qc3 Qxc4 20. Rhd1 Qxa2 21. Rxd3 Nc6 22. e6 Rxd3 23. Rxd3 Qxe6 24. Nd4 Qh3 25. Bxc7 Kxc7 26. Nxc6 Qh1+ 27. Kd2 Qxc6 28. Qxg7 Qe6 29. f4 Kb8 30. e4 Qxe4 31. Qxf7 Qxf4+ 0-1

[Event "Mineiro-ch"]
[Site "Belo Horizonte"]
[Date "2017.10.08"]
[Round "5"]
[White "Silva, Luiz Thiago"]
[Black "Gomes, Marco Tulio Caldeir"]
[Result "1/2-1/2"]
[WhiteElo "1955"]
[BlackElo "1743"]
[PlyCount "37"]
[EventDate "2017.10.07"]
[EventType "swiss"]
[EventRounds "5"]
[EventCountry "BRA"]
[SourceTitle "CBM 181 Extra"]
[Source "ChessBase"]
[SourceDate "2017.12.12"]
[SourceVersion "1"]
[SourceVersionDate "2017.12.12"]
[SourceQuality "1"]

1. d4 Nf6 2. c4 e6 3. Nf3 b6 4. g3 Bb7 5. Bg2 Be7 6. Nc3 d5 7. Ne5 0-0 8. 0-0 Ne4 9. cxd5 exd5 10. Qc2 Nxc3 11. Qxc3 f6 12. Nd3 Na6 13. Nf4 Qd6 14. Qb3 c6 15. e4 Nc7 16. exd5 cxd5 17. Bd2 Rae8 18. a3 a5 19. Rac1 1/2-1/2

[Event "Sao Sebastiao do Paraiso Ferias CXSSP I"]
[Site "Sao Sebastiao do Paraiso"]
[Date "2016.07.24"]
[Round "5.4"]
[White "Silva, Luiz Thiago"]
[Black "Da Rocha, Eugenio Gabriel"]
[Result "1-0"]
[WhiteElo "1936"]
[BlackElo "1575"]
[PlyCount "73"]
[EventDate "2016.07.22"]
[EventType "swiss"]
[EventRounds "6"]
[EventCountry "BRA"]
[SourceTitle "EXT 2022"]
[Source "ChessBase"]
[SourceDate "2021.10.06"]
[SourceVersion "1"]
[SourceVersionDate "2021.10.06"]
[SourceQuality "1"]

1. d4 e6 2. c4 Nf6 3. Nf3 c5 4. d5 exd5 5. cxd5 d6 6. Nc3 Be7 7. g3 0-0 8. Bg2 a6 9. a4 Re8 10. Nd2 Nbd7 11. Nc4 Nb6 12. Na3 a5 13. 0-0 Bg4 14. h3 Bd7 15. e4 Qc8 16. Kh2 h6 17. Nab5 Nc4 18. Qe2 Ne5 19. f4 Ng6 20. Qd3 Bf8 21. Bd2 Nh7 22. g4 Nh4 23. Bh1 Qd8 24. Be1 Rc8 25. Bg3 Qe7 26. Rae1 Bxb5 27. Nxb5 Ng6 28. Qc3 Qd7 29. Qxa5 Ra8 30. Qc7 Qc8 31. Qxc8 Rexc8 32. Ra1 f6 33. h4 Be7 34. h5 Ngf8 35. e5 fxe5 36. fxe5 dxe5 37. d6 1-0

[Event "Sao Sebastiao do Paraiso Ferias CXSSP I"]
[Site "Sao Sebastiao do Paraiso"]
[Date "2016.07.23"]
[Round "3.8"]
[White "Guelere, Lucio Henrique Thom"]
[Black "Silva, Luiz Thiago"]
[Result "0-1"]
[WhiteElo "1800"]
[BlackElo "1936"]
[PlyCount "82"]
[EventDate "2016.07.22"]
[EventType "swiss"]
[EventRounds "6"]
[EventCountry "BRA"]
[SourceTitle "EXT 2022"]
[Source "ChessBase"]
[SourceDate "2021.10.06"]
[SourceVersion "1"]
[SourceVersionDate "2021.10.06"]
[SourceQuality "1"]

1. e4 c5 2. Nf3 d6 3. d4 cxd4 4. Nxd4 Nf6 5. Nc3 a6 6. Be3 e5 7. Nf3 Be7 8. Qd2 Qc7 9. g3 h6 10. Bg2 Be6 11. 0-0 Nbd7 12. Rad1 Rc8 13. Ne1 b5 14. a3 Nb6 15. Bxb6 Qxb6 16. Nd5 Nxd5 17. exd5 Bd7 18. c3 0-0 19. Kh1 f5 20. f4 exf4 21. Qxf4 Rc4 22. Rd4 Bg5 23. Qf2 Re8 24. Nf3 Be3 25. Qc2 Bxd4 26. Nxd4 Qxd4 27. Qxf5 Bxf5 28. cxd4 Be4 29. Rd1 Bxg2+ 30. Kxg2 Re2+ 31. Kf3 Rxb2 32. Re1 Rxd4 33. Re8+ Kf7 34. Rd8 Rxd5 35. Rd7+ Kf6 36. Rd8 Rb3+ 37. Ke4 Rd2 38. Rf8+ Ke7 39. Rb8 Rxa3 40. Rb7+ Kf6 41. Rb8 d5+ 0-1

[Event "Sao Sebastiao do Paraiso Ferias CXSSP I"]
[Site "Sao Sebastiao do Paraiso"]
[Date "2016.07.23"]
[Round "2.11"]
[White "Silva, Luiz Thiago"]
[Black "Da Silva, Igor Henrique"]
[Result "1/2-1/2"]
[WhiteElo "1936"]
[BlackElo "1800"]
[PlyCount "78"]
[EventDate "2016.07.22"]
[EventType "swiss"]
[EventRounds "6"]
[EventCountry "BRA"]
[SourceTitle "EXT 2022"]
[Source "ChessBase"]
[SourceDate "2021.10.06"]
[SourceVersion "1"]
[SourceVersionDate "2021.10.06"]
[SourceQuality "1"]

1. d4 d5 2. c4 e6 3. Nf3 Nc6 4. Nc3 Nf6 5. Bg5 Be7 6. e3 0-0 7. Rc1 a6 8. Be2 h6 9. Bh4 dxc4 10. Bxc4 Rb8 11. 0-0 b5 12. Bd3 Rb6 13. a3 Bd7 14. Bb1 Qb8 15. Qc2 g6 16. Ne5 Qe8 17. f4 Nd5 18. Nxd5 exd5 19. Bxe7 Qxe7 20. Ba2 Nxe5 21. fxe5 c6 22. Rf6 Bf5 23. Qf2 Be6 24. b4 Kh8 25. Qh4 Kh7 26. Bb1 Rg8 27. Rcf1 Rg7 28. g4 Rb7 29. R1f3 Kg8 30. h3 Kh7 31. Qh5 a5 32. g5 Kg8 33. Qh4 hxg5 34. Qxg5 axb4 35. axb4 Qxb4 36. Rxe6 fxe6 37. Qd8+ Kh7 38. Qh4+ Kg8 39. Qd8+ Kh7 1/2-1/2

[Event "Belo Horizonte Mineiro-ch"]
[Site "Belo Horizonte"]
[Date "2015.11.21"]
[Round "4"]
[White "Silva, Luiz Thiago"]
[Black "Trombini, Fabio"]
[Result "1-0"]
[WhiteElo "1866"]
[BlackElo "1943"]
[PlyCount "105"]
[EventDate "2015.11.20"]
[EventType "swiss"]
[EventRounds "6"]
[EventCountry "BRA"]
[SourceTitle "CBM 169 Extra"]
[Source "ChessBase"]
[SourceDate "2015.12.18"]
[SourceVersion "1"]
[SourceVersionDate "2015.12.18"]
[SourceQuality "1"]

1. d4 d5 2. c4 e6 3. Nf3 Be7 4. g3 Nf6 5. Bg2 0-0 6. 0-0 c6 7. Nc3 Nbd7 8. b3 Qa5 9. Bd2 Bb4 10. Qc2 dxc4 11. bxc4 Qa6 12. c5 Re8 13. Ne4 Bxd2 14. Nxf6+ Nxf6 15. Qxd2 Nd7 16. Rfc1 Nf6 17. Ne5 Bd7 18. e3 Rad8 19. Bf1 Qa4 20. Rab1 Bc8 21. Rc4 Qa3 22. Rb3 Qa6 23. Rcb4 Qa5 24. Nc4 Qc7 25. Nd6 Re7 26. Qb2 Nd5 27. Nxc8 Rxc8 28. Rxb7 Qd8 29. Bg2 g6 30. h4 Qa5 31. Bxd5 Rxb7 32. Rxb7 exd5 33. Re7 Rf8 34. Qb7 Qxa2 35. Qxc6 a5 36. Ra7 Qb1+ 37. Kg2 Qe4+ 38. Kg1 Qb1+ 39. Kg2 Qe4+ 40. Kh2 Qf3 41. Kg1 Qd1+ 42. Kg2 Qc2 43. Rxa5 Qe4+ 44. Kh2 Qf3 45. Kg1 Qe4 46. Ra8 Qb1+ 47. Kg2 Qe4+ 48. Kh2 Qc2 49. Rxf8+ Kxf8 50. Qf6 Qe4 51. c6 Qe8 52. Qd6+ Qe7 53. Qb8+ 1-0

[Event "Belo Horizonte Mineiro-ch"]
[Site "Belo Horizonte"]
[Date "2015.11.20"]
[Round "2"]
[White "Silva, Luiz Thiago"]
[Black "Campos, Igor Ribeiro"]
[Result "0-1"]
[WhiteElo "1866"]
[BlackElo "2160"]
[PlyCount "32"]
[EventDate "2015.11.20"]
[EventType "swiss"]
[EventRounds "6"]
[EventCountry "BRA"]
[SourceTitle "CBM 169 Extra"]
[Source "ChessBase"]
[SourceDate "2015.12.18"]
[SourceVersion "1"]
[SourceVersionDate "2015.12.18"]
[SourceQuality "1"]

1. d4 Nf6 2. c4 g6 3. Nc3 Bg7 4. e4 d6 5. Nf3 0-0 6. Be2 e5 7. d5 a5 8. Bg5 h6 9. Bh4 Na6 10. Nd2 Qe8 11. 0-0 Bd7 12. b3 Nh7 13. a3 f5 14. exf5 Bxf5 15. Nde4 Bxe4 16. Nxe4 Rf4 0-1

[Event "Mineiro-ch"]
[Site "Belo Horizonte"]
[Date "2015.09.05"]
[Round "3"]
[White "Bueno, Jonas Alves"]
[Black "Silva, Luiz Thiago"]
[Result "0-1"]
[WhiteElo "1762"]
[BlackElo "1860"]
[PlyCount "28"]
[EventDate "2015.09.04"]
[EventType "swiss"]
[EventRounds "5"]
[EventCountry "BRA"]
[SourceTitle "EXT 2016"]
[Source "ChessBase"]
[SourceDate "2015.10.08"]
[SourceVersion "1"]
[SourceVersionDate "2015.10.08"]
[SourceQuality "1"]

1. e4 c6 2. d4 d5 3. Nc3 dxe4 4. Nxe4 Nd7 5. Bc4 Ngf6 6. Nxf6+ Nxf6 7. Nf3 Bf5 8. 0-0 e6 9. h3 Bd6 10. Bd3 Bxd3 11. Qxd3 h6 12. c4 0-0 13. Bd2 c5 14. dxc5 Bh2+ 0-1

[Event "Juiz de Fora op"]
[Site "Juiz de Fora"]
[Date "2015.08.21"]
[Round "2"]
[White "Silva, Luiz Thiago"]
[Black "Campos, Igor Ribeiro"]
[Result "1/2-1/2"]
[WhiteElo "1845"]
[BlackElo "2176"]
[PlyCount "42"]
[EventDate "2015.08.21"]
[EventType "swiss"]
[EventRounds "6"]
[EventCountry "BRA"]
[SourceTitle "EXT 2016"]
[Source "ChessBase"]
[SourceDate "2015.10.08"]
[SourceVersion "1"]
[SourceVersionDate "2015.10.08"]
[SourceQuality "1"]

1. d4 Nf6 2. c4 g6 3. Nc3 Bg7 4. e4 d6 5. f3 0-0 6. Be3 Nc6 7. Bd3 e5 8. d5 Nd4 9. Nge2 Nh5 10. Qd2 c5 11. dxc6 bxc6 12. Rd1 Be6 13. 0-0 Rb8 14. b3 c5 15. Nd5 Bxd5 16. cxd5 f5 17. Nxd4 exd4 18. Bg5 Qd7 19. exf5 gxf5 20. Rfe1 Rfe8 21. Qc2 Qf7 1/2-1/2

[Event "Juiz de Fora op"]
[Site "Juiz de Fora"]
[Date "2014.09.27"]
[Round "3"]
[White "Cantarino Neto, Mario Ribeiro"]
[Black "Silva, Luiz Thiago"]
[Result "1-0"]
[WhiteElo "2116"]
[BlackElo "1826"]
[PlyCount "35"]
[EventDate "2014.09.26"]
[EventType "swiss"]
[EventRounds "6"]
[EventCountry "BRA"]
[SourceTitle "CBM 162 Extra"]
[Source "ChessBase"]
[SourceDate "2014.10.17"]
[SourceVersion "1"]
[SourceVersionDate "2014.10.17"]
[SourceQuality "1"]

1. d4 Nf6 2. c4 e6 3. Nf3 d5 4. Nc3 Bb4 5. e3 c5 6. Bd3 0-0 7. 0-0 dxc4 8. Bxc4 cxd4 9. exd4 b6 10. Qe2 Bb7 11. Rd1 Nbd7 12. Bg5 Re8 13. Rac1 a6 14. Ne5 Be7 15. Nxf7 Kxf7 16. Qxe6+ Kg6 17. h4 Bb4 18. Bd3+ 1-0